Zelda Breath of the Wild Characters - Statistics

General Stats
  • This quiz has been taken 618 times
  • The average score is 26 of 39
Answer Stats
Description Character % Correct
The Hero of the Wilds Link
99%
The Princess of Hyrule Zelda
97%
The Elder of Kakariko Village Impa
92%
The Champion of the Zora Mipha
90%
The Champion of the Gorons Daruk
88%
The Prince of the Zora Sidon
88%
The Champion of the Rito Revali
87%
The Champion of the Gerudo Urbosa
86%
The Divine Beast controlled by the Zora Champion Vah Ruta
86%
The last King of Hyrule Rhoam Bosphoramus Hyrule
82%
The Divine Beast controlled by the Goron Champion Vah Rudania
81%
The Divine Beast controlled by the Rito Champion Vah Medoh
80%
The Divine Beast controlled by the Gerudo Champion Vah Naboris
80%
The merchant found near stables Beedle
78%
The primal evil who took Hyrule Castle Calamity Ganon
77%
The Chief of the Gerudo Riju
77%
The Korok looking for korok seeds Hestu
76%
The president of Bolson Construction Bolson
75%
The Sheikah who runs the Hateno Ancient Tech Lab Purah
75%
The Rito minstrel that plays an accordion Kass
74%
The descendant of the Champion of the Gorons Yunobo
73%
The successor of the Rito Champion Teba
72%
The Sheikah who runs the Akkala Ancient Tech Lab Robbie
70%
The guardian of the forest Great Deke Tree
69%
The green Dragon Farosh
67%
The blue Dragon Naydra
63%
The red Dragon Dinraal
62%
The Hylian responsible for the construction of Tarrey Town Hudson
60%
The merchant who sells monster related items Kilton
58%
The horse of legend Epona
55%
The King of the Zora Dorephan
47%
The Horse God Malanya
32%
The leader of the Gorons Bludo
31%
The Elder of the Rito Kaneli
30%
The captain of the Gerudo Guard Buliara
27%
The Great Fairy living in the Necluda region Cotera
23%
The Great Fairy living in the Gerudo region Tera
23%
The Great Fairy living in the Akkala region Mija
20%
The Great Fairy living in the Tabantha region Kaysa
14%
No matching quizzes found
Score Distribution
Percent of People with Each Score
Percentile by Number Answered
Your Score History
You have not taken this quiz